[Event "4NCL Division Three Knights"]
[Site "Milton Keynes, ENG"]
[Date "2023.11.11"]
[Round "1.32"]
[White "Duggan, Michael F G"]
[Black "Webb, Richard M"]
[Result "1/2-1/2"]
[WhiteElo "2039"]
[BlackElo "2157"]
[PlyCount "87"]
[EventDate "2023.11.11"]
[WhiteTeam "Poole Patzers"]
[BlackTeam "Crowthorne A"]

1. d4 Nf6 2. c4 g6 3. Nc3 d5 4. Bf4 Bg7 5. e3 O-O 6. Nf3 c5 7. Be2 cxd4 8. exd4
Nc6 9. c5 Ne4 10. O-O Bg4 11. Ne5 Bxe2 12. Nxc6 Bxd1 13. Nxd8 Nxc3 14. bxc3 Be2
15. Nxb7 Bxf1 16. Kxf1 Rac8 17. Rb1 f6 18. Rb5 e5 19. Be3 Rc7 20. a4 Kf7 21. a5
Ke6 22. a6 Rc6 23. Ra5 Kd7 24. Ke1 f5 25. f4 exd4 26. cxd4 Rff6 27. Kd2 Rxa6
28. c6+ Kxc6 29. Rxa6+ Kxb7 30. Rxf6 Bxf6 31. Kc3 Kb6 32. Kb4 Bh4 33. g3 Bf6
34. Ka4 h6 35. h4 Be7 36. Bd2 Kc6 37. Bc1 Bd8 38. Bd2 Bb6 39. Be3 a6 40. Kb4
Kd6 41. Ka4 Ke6 42. Kb4 Bc7 43. Ka4 Kd6 44. Kb4 1/2-1/2

[Event "4NCL Division Three Knights"]
[Site "Milton Keynes, ENG"]
[Date "2023.11.11"]
[Round "1.33"]
[White "Thompson, Ian D"]
[Black "Weatherlake, John P"]
[Result "1-0"]
[WhiteElo "2008"]
[BlackElo "2036"]
[PlyCount "63"]
[EventDate "2023.11.11"]
[WhiteTeam "Crowthorne A"]
[BlackTeam "Poole Patzers"]

1. c4 e5 2. g3 c6 3. d4 e4 4. d5 Nf6 5. Bg2 Bb4+ 6. Bd2 e3 7. fxe3 Qe7 8. Nh3
Ng4 9. O-O Bxd2 10. Qxd2 Qxe3+ 11. Kh1 Qxd2 12. Nxd2 Ne3 13. Rf4 f5 14. Bf3 d6
15. Nf1 Nxf1 16. Rxf1 c5 17. e4 O-O 18. Bg4 b5 19. cxb5 g6 20. exf5 h5 21. Be2
Rxf5 22. Bd3 Rxf4 23. Nxf4 g5 24. Nxh5 Bh3 25. Nf6+ Kf7 26. Rf2 Ke7 27. Ne4 g4
28. Ng5 Nd7 29. Rf7+ Ke8 30. Rh7 Nf8 31. Rg7 Rc8 32. Ne4 1-0

[Event "4NCL Division Three Knights"]
[Site "Milton Keynes, ENG"]
[Date "2023.11.11"]
[Round "1.34"]
[White "Bowden, Madison B"]
[Black "Coates, Kenneth G"]
[Result "1-0"]
[WhiteElo "1984"]
[BlackElo "1944"]
[PlyCount "93"]
[EventDate "2023.11.11"]
[WhiteTeam "Poole Patzers"]
[BlackTeam "Crowthorne A"]

1. d4 d5 2. Bf4 c5 3. e3 Nc6 4. Nd2 Nf6 5. c3 Bf5 6. Qb3 Qb6 7. dxc5 Qxb3 8.
Nxb3 e5 9. Bg3 Ne4 10. O-O-O Rd8 11. Bd3 Nxg3 12. hxg3 Bxd3 13. Rxd3 e4 14. Rd2
Ne5 15. Nh3 Nd3+ 16. Kc2 Bxc5 17. Nxc5 Nxc5 18. Nf4 O-O 19. Rhd1 Rd7 20. Rxd5
Rfd8 21. Rxd7 Rxd7 22. Rxd7 Nxd7 23. c4 f5 24. Kc3 Kf7 25. Kd4 g5 26. Nd5 Ke6
27. b4 Ne5 28. Nc7+ Kf6 29. Nb5 Nd3 30. a3 Nxf2 31. Nxa7 h5 32. c5 Nh1 33. b5
Nxg3 34. c6 bxc6 35. bxc6 f4 36. c7 Nf5+ 37. Kxe4 fxe3 38. Kf3 g4+ 39. Ke2 Nd6
40. c8=Q Nxc8 41. Nxc8 h4 42. Kxe3 Ke5 43. Nb6 h3 44. gxh3 gxh3 45. Kf3 Kd4 46.
Na4 Kc4 47. Nb2+ 1-0

[Event "4NCL Division Three Knights"]
[Site "Milton Keynes, ENG"]
[Date "2023.11.11"]
[Round "1.35"]
[White "Purdon, Colin"]
[Black "Smith, Richard"]
[Result "1-0"]
[WhiteElo "1936"]
[BlackElo "1923"]
[PlyCount "61"]
[EventDate "2023.11.11"]
[WhiteTeam "Crowthorne A"]
[BlackTeam "Poole Patzers"]

1. d4 Nf6 2. c4 c5 3. d5 e6 4. Nc3 exd5 5. cxd5 g6 6. Nf3 d6 7. g3 Bg7 8. Bg2
O-O 9. O-O a6 10. a4 Nbd7 11. Bf4 Qc7 12. Rc1 Ng4 13. b4 Re8 14. Ng5 Nge5 15.
bxc5 Nxc5 16. Nce4 b6 17. a5 Rb8 18. axb6 Qxb6 19. Nxc5 dxc5 20. Be3 Bf8 21.
Ne4 Nd7 22. Bf4 Ra8 23. Qc2 Nf6 24. Rb1 Qd8 25. Nxf6+ Qxf6 26. d6 Bf5 27. e4
Bd7 28. Qxc5 Rac8 29. Qa7 g5 30. Qxd7 gxf4 31. Qg4+ 1-0

[Event "4NCL Division Three Knights"]
[Site "Milton Keynes, ENG"]
[Date "2023.11.11"]
[Round "1.36"]
[White "Clancy, Martin J"]
[Black "Tart, Peter K"]
[Result "1-0"]
[WhiteElo "1809"]
[BlackElo "1959"]
[PlyCount "47"]
[EventDate "2023.11.11"]
[WhiteTeam "Poole Patzers"]
[BlackTeam "Crowthorne A"]

1. e4 e5 2. Nf3 Nf6 3. Nxe5 Nxe4 4. d4 d5 5. Bd3 Be7 6. O-O Nd7 7. c4 Nxe5 8.
dxe5 Nc5 9. cxd5 Nxd3 10. Qxd3 O-O 11. Be3 b6 12. Nc3 Bb7 13. Rfd1 Bg5 14. f4
Bh6 15. Rac1 c5 16. f5 Qh4 17. Bxh6 Qxh6 18. Ne4 Rad8 19. Nd6 Ba8 20. Qg3 Bxd5
21. Rc3 Bc6 22. f6 Qg6 23. fxg7 Qxg3 24. gxf8=Q+ 1-0

[Event "4NCL Division Three Knights"]
[Site "Milton Keynes, ENG"]
[Date "2023.11.11"]
[Round "1.41"]
[White "Skulte, Christopher"]
[Black "Gilmore, Simon N"]
[Result "1-0"]
[WhiteElo "2053"]
[BlackElo "2061"]
[PlyCount "63"]
[EventDate "2023.11.11"]
[WhiteTeam "Celtic Tigers 2"]
[BlackTeam "Iceni 1"]

1. e4 c6 2. d4 d5 3. Nd2 dxe4 4. Nxe4 Nf6 5. Ng3 h5 6. Bc4 h4 7. N3e2 Bg4 8.
Qd3 e6 9. h3 Bf5 10. Qb3 Qb6 11. Nf3 Qxb3 12. Bxb3 Be4 13. Neg1 Be7 14. Bd2
Nbd7 15. O-O-O Nd5 16. Re1 Bg6 17. Ne2 O-O 18. Nf4 Nxf4 19. Bxf4 Rfe8 20. Re3
Nb6 21. Ne5 Bf5 22. c4 Rad8 23. Rd1 g5 24. Bh2 Kg7 25. Ng4 c5 26. Bc7 Bxg4 27.
hxg4 Rd7 28. Bxb6 axb6 29. Ba4 cxd4 30. Bxd7 Rd8 31. Rxd4 Bc5 32. Red3 1-0

[Event "4NCL Division Three Knights"]
[Site "Milton Keynes, ENG"]
[Date "2023.11.11"]
[Round "1.42"]
[White "Hughes, Roy"]
[Black "Serbanescu, Diana-Maria"]
[Result "1-0"]
[WhiteElo "2052"]
[BlackElo "2050"]
[PlyCount "103"]
[EventDate "2023.11.11"]
[WhiteTeam "Iceni 1"]
[BlackTeam "Celtic Tigers 2"]

1. d4 Nf6 2. Bf4 d6 3. e3 g6 4. h3 Bg7 5. Nf3 O-O 6. Be2 c5 7. c3 Qb6 8. Qb3
Be6 9. Qxb6 axb6 10. a3 Ne4 11. Nbd2 Nxd2 12. Nxd2 Nc6 13. O-O Na5 14. Rac1 Nb3
15. Nxb3 Bxb3 16. Bg5 f6 17. Bh4 Bd5 18. Bd3 Bh6 19. Rce1 Bc6 20. e4 Rad8 21.
d5 Ba4 22. f4 Kh8 23. c4 g5 24. fxg5 Bxg5 25. Bxg5 fxg5 26. e5 Rxf1+ 27. Rxf1
Kg7 28. e6 Be8 29. Rf3 h6 30. Kf2 Ra8 31. Ke3 Ra4 32. Rf2 Kg8 33. h4 gxh4 34.
Rf4 h3 35. gxh3 Kg7 36. Rg4+ Kf6 37. h4 Bh5 38. Rg8 b5 39. Rb8 bxc4 40. Bc2 Ra7
41. Rh8 Bg4 42. Rxh6+ Ke5 43. Rg6 Bh3 44. Rg5+ Kf6 45. Kf4 Bxe6 46. Rg6+ Kf7
47. dxe6+ Kf8 48. h5 c3 49. bxc3 Rxa3 50. h6 Rxc3 51. h7 Rh3 52. Rg8# 1-0

[Event "4NCL Division Three Knights"]
[Site "Milton Keynes, ENG"]
[Date "2023.11.11"]
[Round "1.43"]
[White "Stevenson, James"]
[Black "Calvert, D Ian"]
[Result "1-0"]
[WhiteElo "2118"]
[BlackElo "2019"]
[PlyCount "131"]
[EventDate "2023.11.11"]
[WhiteTeam "Celtic Tigers 2"]
[BlackTeam "Iceni 1"]

1. d4 d5 2. Bf4 Nf6 3. Nc3 c5 4. e4 Nxe4 5. Nxe4 dxe4 6. dxc5 Qa5+ 7. c3 Qxc5
8. Qa4+ Bd7 9. Qxe4 Bc6 10. Qe3 Nd7 11. Nf3 Qxe3+ 12. Bxe3 e5 13. O-O-O f6 14.
Bc4 Bc5 15. Rhe1 O-O-O 16. Be6 Bxe3+ 17. Rxe3 Kc7 18. Bd5 Nb6 19. Bxc6 Rxd1+
20. Kxd1 Rd8+ 21. Kc2 Kxc6 22. b3 Nd5 23. Re1 Nf4 24. g3 Ng6 25. a4 a5 26. Nd2
b6 27. Nc4 Rd5 28. Ne3 Rd7 29. Nf5 Nf8 30. Re4 g6 31. Ne3 Ne6 32. Ng4 Nc5 33.
Rc4 Kb7 34. f4 Rd6 35. fxe5 fxe5 36. b4 axb4 37. cxb4 Nxa4 38. Nxe5 Re6 39. Re4
b5 40. Kd3 Rd6+ 41. Rd4 Kc7 42. g4 Nb2+ 43. Ke4 Nd1 44. Rxd6 Kxd6 45. Nf7+ Ke7
46. Ne5 Kd6 47. Kd4 Nf2 48. h4 Ke6 49. g5 Kd6 50. Nf7+ Ke7 51. Nh6 Kd6 52. Ng8
Ng4 53. Nf6 Ne5 54. Ne4+ Ke6 55. Kc5 Kf5 56. Nf6 h5 57. Kxb5 Nf3 58. Kc5 Nxh4
59. b5 Nf3 60. b6 Nxg5 61. b7 Kxf6 62. b8=Q Kf5 63. Qb1+ Kf6 64. Kd5 h4 65.
Qf1+ Kg7 66. Qf4 1-0

[Event "4NCL Division Three Knights"]
[Site "Milton Keynes, ENG"]
[Date "2023.11.11"]
[Round "1.44"]
[White "Ortiz Sanchez, Luis"]
[Black "Kelmendi, Bajrush"]
[Result "1/2-1/2"]
[WhiteElo "1978"]
[BlackElo "2057"]
[PlyCount "144"]
[EventDate "2023.11.11"]
[WhiteTeam "Iceni 1"]
[BlackTeam "Celtic Tigers 2"]

1. e4 g6 2. d4 Bg7 3. f4 b6 4. Nf3 Bb7 5. Bd3 e6 6. O-O Ne7 7. c4 d5 8. cxd5
exd5 9. e5 O-O 10. Nc3 a6 11. f5 gxf5 12. Ng5 h6 13. Nh3 c5 14. Qh5 Ng6 15.
Bxh6 Qh4 16. Qxh4 Nxh4 17. Bxg7 Kxg7 18. Nf4 cxd4 19. Ncxd5 Bxd5 20. Nxd5 Nc6
21. Nxb6 Rad8 22. Nc4 Rfe8 23. g3 Ng6 24. Nd6 Rxe5 25. Nxf5+ Kh7 26. Nh4 Kg7
27. Nf5+ Kh7 28. a3 a5 29. Rac1 Nce7 30. b4 axb4 31. axb4 Nxf5 32. Rxf5 Rxf5
33. Bxf5 Kg7 34. Bxg6 fxg6 35. Kf2 d3 36. Rb1 Kf6 37. Ke3 Kf5 38. b5 d2 39. Ke2
Kg4 40. b6 Kh3 41. Kd1 Kxh2 42. b7 Rb8 43. Rb3 Kh3 44. Kxd2 g5 45. Ke2 g4 46.
Kd2 Kg2 47. Kc2 Kf2 48. Kb2 Kg2 49. Kc2 Kf2 50. Kd2 Kg2 51. Ke2 Kh2 52. Kf2
Rf8+ 53. Ke2 Rb8 54. Kd2 Kg2 55. Kc1 Kf2 56. Kb2 Kg2 57. Ka3 Rxb7 58. Rxb7 Kxg3
59. Kb3 Kg2 60. Kc3 g3 61. Kd3 Kf2 62. Rf7+ Ke1 63. Re7+ Kf2 64. Re2+ Kf3 65.
Re8 Kf2 66. Rf8+ Ke1 67. Rg8 Kf2 68. Kd2 g2 69. Rf8+ Kg3 70. Ke2 g1=Q 71. Rg8+
Kh2 72. Rxg1 Kxg1 1/2-1/2

[Event "4NCL Division Three Knights"]
[Site "Milton Keynes, ENG"]
[Date "2023.11.11"]
[Round "1.45"]
[White "Yedid, Lior"]
[Black "Wasilak, Piotr"]
[Result "0-1"]
[WhiteElo "1792"]
[BlackElo "1968"]
[PlyCount "68"]
[EventDate "2023.11.11"]
[WhiteTeam "Celtic Tigers 2"]
[BlackTeam "Iceni 1"]

1. e4 e6 2. d4 d5 3. exd5 exd5 4. Bd3 Bd6 5. Nf3 Ne7 6. h3 Bf5 7. O-O Qc8 8.
Bxf5 Qxf5 9. Re1 O-O 10. Nc3 c6 11. Ne2 Ng6 12. Be3 Na6 13. c3 Nc7 14. Nc1 Rae8
15. Qd3 Qd7 16. Qd2 Re7 17. Rd1 Ne6 18. Nd3 Qc7 19. g3 Rfe8 20. Kg2 Nef8 21. h4
h5 22. Ng1 Bxg3 23. Bg5 Bxh4 24. Bxe7 Rxe7 25. Ne2 Bxf2 26. Kxf2 Qh2+ 27. Kf1
Qh3+ 28. Kf2 Nh4 29. Rg1 Qh2+ 30. Kf1 Nf3 31. Ne5 Nxd2+ 32. Ke1 Ne4 33. Kd1 f6
34. Nf3 Qf2 0-1

[Event "4NCL Division Three Knights"]
[Site "Milton Keynes, ENG"]
[Date "2023.11.11"]
[Round "1.46"]
[White "Reynolds, D Ian W"]
[Black "Tivillier, Jacques"]
[Result "1/2-1/2"]
[WhiteElo "1913"]
[BlackElo "1748"]
[PlyCount "61"]
[EventDate "2023.11.11"]
[WhiteTeam "Iceni 1"]
[BlackTeam "Celtic Tigers 2"]

1. e4 c5 2. c3 d5 3. exd5 Qxd5 4. d4 Nf6 5. Nf3 e6 6. Be2 Nc6 7. O-O Be7 8. Na3
O-O 9. Nb5 Qd8 10. dxc5 Bxc5 11. Qxd8 Rxd8 12. b4 Be7 13. a3 Bd7 14. Bb2 a6 15.
Nbd4 Nxd4 16. Nxd4 Rac8 17. c4 Ne4 18. c5 Nf6 19. Bf3 e5 20. Nc2 e4 21. Bd1 Nd5
22. Re1 f5 23. Ne3 Nf4 24. Bb3+ Kf8 25. Nd5 Nxd5 26. Bxd5 Bc6 27. Bxc6 Rxc6 28.
Rad1 Rcc8 29. Kf1 g6 30. Ke2 Kf7 31. f3 1/2-1/2

[Event "4NCL Division Three Knights"]
[Site "Milton Keynes, ENG"]
[Date "2023.11.11"]
[Round "1.51"]
[White "Horton, Andrew P"]
[Black "Hedger, Alec"]
[Result "1-0"]
[WhiteElo "2366"]
[BlackElo "2055"]
[PlyCount "69"]
[EventDate "2023.11.11"]
[WhiteTeam "Wotton Hall"]
[BlackTeam "Sussex Martlets 2"]

1. Nf3 d5 2. c4 e6 3. g3 c6 4. Bg2 b5 5. b3 Ba6 6. cxd5 cxd5 7. Bb2 Nf6 8. O-O
Be7 9. Ne5 O-O 10. d3 Qb6 11. Nd2 Nbd7 12. Ndf3 Rac8 13. Qd2 Rc7 14. Rfc1 Rfc8
15. Rxc7 Rxc7 16. b4 Qb8 17. a3 Qc8 18. Bd4 Nxe5 19. Nxe5 Ne8 20. f4 Nd6 21.
Bh3 Nf5 22. Bxf5 exf5 23. Qe3 Bd6 24. Kf2 Re7 25. Rc1 Qe8 26. Bc5 Bxc5 27. Qxc5
f6 28. Qxd5+ Kh8 29. Qc6 Qxc6 30. Nxc6 Rc7 31. Rc5 g6 32. Nb8 Rxc5 33. bxc5 Bc8
34. Nc6 a6 35. Na7 1-0

[Event "4NCL Division Three Knights"]
[Site "Milton Keynes, ENG"]
[Date "2023.11.11"]
[Round "1.52"]
[White "Nguyen, Anh"]
[Black "Robson, Ian A"]
[Result "1-0"]
[WhiteElo "1924"]
[BlackElo "2097"]
[PlyCount "49"]
[EventDate "2023.11.11"]
[WhiteTeam "Sussex Martlets 2"]
[BlackTeam "Wotton Hall"]

1. e4 e6 2. d4 d5 3. Nc3 dxe4 4. Nxe4 Nd7 5. Nf3 Ngf6 6. Nxf6+ Nxf6 7. Bd3 Be7
8. O-O O-O 9. c3 b6 10. Qe2 Bb7 11. Bg5 c5 12. dxc5 Bxc5 13. Rad1 Qc7 14. Ne5
Nd5 15. c4 Nb4 16. Bxh7+ Kxh7 17. Rd7 Bf3 18. gxf3 Qc8 19. Qe4+ Kg8 20. Bf6
gxf6 21. Qg4+ Kh7 22. Rxf7+ Rxf7 23. Qh5+ Kg7 24. Qxf7+ Kh8 25. Ng6# 1-0

[Event "4NCL Division Three Knights"]
[Site "Milton Keynes, ENG"]
[Date "2023.11.11"]
[Round "1.53"]
[White "Ashworth, Michael"]
[Black "Graham, William M"]
[Result "1/2-1/2"]
[WhiteElo "2007"]
[BlackElo "1943"]
[PlyCount "82"]
[EventDate "2023.11.11"]
[WhiteTeam "Wotton Hall"]
[BlackTeam "Sussex Martlets 2"]

1. d4 Nf6 2. c4 g6 3. Nc3 Bg7 4. g3 O-O 5. Bg2 d6 6. Nf3 Bg4 7. O-O Nc6 8. h3
Bxf3 9. Bxf3 Nd7 10. e3 e5 11. d5 Ne7 12. Bg2 f5 13. f4 Nc8 14. Bd2 Ncb6 15. b3
e4 16. Rb1 Nc5 17. Ne2 Re8 18. Qc2 a5 19. Bc3 c6 20. dxc6 bxc6 21. Rfd1 Nd3 22.
Bxg7 Kxg7 23. Nc1 Nxc1 24. Qc3+ Kf7 25. Rbxc1 Qc7 26. Qd4 Red8 27. c5 Nd5 28.
Bf1 Qa7 29. Kf2 dxc5 30. Qxc5 Qxc5 31. Rxc5 Nb4 32. Rxd8 Rxd8 33. a3 Nd3+ 34.
Bxd3 Rxd3 35. Rxa5 Rxb3 36. Ra7+ Ke6 37. Rxh7 Rxa3 38. Rg7 Kf6 39. Rc7 Rc3 40.
g4 g5 41. fxg5+ Kxg5 1/2-1/2

[Event "4NCL Division Three Knights"]
[Site "Milton Keynes, ENG"]
[Date "2023.11.11"]
[Round "1.54"]
[White "Honarvarmahalati, Hooman"]
[Black "Ashworth, Robert"]
[Result "0-1"]
[WhiteElo "1848"]
[BlackElo "1875"]
[PlyCount "118"]
[EventDate "2023.11.11"]
[WhiteTeam "Sussex Martlets 2"]
[BlackTeam "Wotton Hall"]

1. Nf3 d5 2. c4 e6 3. g3 Nf6 4. Bg2 Be7 5. O-O O-O 6. cxd5 exd5 7. d3 b6 8. Qc2
Bb7 9. Bf4 c5 10. Nbd2 Nh5 11. e4 Nc6 12. Nb3 Nb4 13. Qb1 dxe4 14. dxe4 Qd3 15.
Ne5 Qxb1 16. Raxb1 f6 17. Nc4 Nxf4 18. gxf4 Ba6 19. Nbd2 Rad8 20. a3 Nd3 21. f5
Nf4 22. Rfd1 Nxg2 23. Kxg2 Rd4 24. Ne3 Be2 25. Nf3 Rxd1 26. Nxd1 Bd3 27. Rc1
Bxe4 28. Ne3 Rd8 29. Rc4 Bb7 30. Rc2 Rd4 31. Rc4 Rxc4 32. Nxc4 Be4 33. Ne3 Bd6
34. h4 Bf4 35. Nc4 Bxf5 36. Nfd2 Bxd2 37. Nxd2 Kf7 38. Kf3 Ke6 39. Kf4 Bg6 40.
Ke3 Kd5 41. f3 a6 42. Ke2 b5 43. Ke3 c4 44. f4 a5 45. Nf3 b4 46. axb4 axb4 47.
Nd4 b3 48. Nb5 Bd3 49. Nc3+ Ke6 50. Kf3 g6 51. Kg4 h6 52. Kf3 Kf5 53. Nd1 Be4+
54. Kg3 Bd5 55. Nc3 Bc6 56. Ne2 Ke4 57. Kf2 Kd3 58. Ke1 Bf3 59. Nc3 Kc2 0-1

[Event "4NCL Division Three Knights"]
[Site "Milton Keynes, ENG"]
[Date "2023.11.11"]
[Round "1.55"]
[White "Moldovan, Alexandru-Mitic"]
[Black "Airlie, Arran"]
[Result "0-1"]
[WhiteElo "1813"]
[BlackElo "1898"]
[PlyCount "82"]
[EventDate "2023.11.11"]
[WhiteTeam "Wotton Hall"]
[BlackTeam "Sussex Martlets 2"]

1. e4 c6 2. d4 d5 3. Nc3 dxe4 4. Nxe4 Nf6 5. Nxf6+ exf6 6. Be3 Bd6 7. Bd3 O-O
8. Qh5 g6 9. Qe2 Re8 10. O-O-O f5 11. Qd2 Be6 12. Kb1 Na6 13. a3 Nc7 14. c4 b5
15. c5 Be7 16. Ne2 Nd5 17. h4 b4 18. axb4 Rb8 19. b5 cxb5 20. g3 b4 21. Rc1 Qa5
22. Rc4 Nxe3 23. fxe3 Bxc4 24. Bxc4 Qa4 25. b3 Qc6 26. Rg1 Rbd8 27. Qc1 Qe4+
28. Ka2 Bf8 29. g4 fxg4 30. Rg3 Bh6 31. Nf4 Bxf4 32. exf4 Qxd4 33. Rg1 Qd2+ 34.
Kb1 Qxc1+ 35. Rxc1 Kg7 36. c6 Rc8 37. Ba6 Rc7 38. Rc4 g3 39. Rc2 Re1+ 40. Kb2
Rxc6 41. Bc4 Rf6 0-1

[Event "4NCL Division Three Knights"]
[Site "Milton Keynes, ENG"]
[Date "2023.11.11"]
[Round "1.56"]
[White "Buckland, Louis"]
[Black "Maclannan, Richard"]
[Result "1-0"]
[WhiteElo "1846"]
[BlackElo "1768"]
[PlyCount "99"]
[EventDate "2023.11.11"]
[WhiteTeam "Sussex Martlets 2"]
[BlackTeam "Wotton Hall"]

1. d4 Nf6 2. c4 e6 3. g3 Bb4+ 4. Bd2 Qe7 5. Bg2 d5 6. Nf3 O-O 7. O-O Nbd7 8.
Bf4 Bd6 9. Ne5 c5 10. Nxd7 Bxd7 11. Bxd6 Qxd6 12. dxc5 Qxc5 13. cxd5 Nxd5 14.
Bxd5 exd5 15. e3 Bh3 16. Re1 Qb4 17. Qd2 Qe4 18. f4 Rfd8 19. Nc3 Qb4 20. a3 Qb3
21. Red1 d4 22. exd4 Rd7 23. Qf2 Bg4 24. Rd2 Re8 25. Re1 Rde7 26. Rxe7 Rxe7 27.
d5 Qc4 28. d6 Rd7 29. Qxa7 h5 30. Qe3 g6 31. Qd4 Qxd4+ 32. Rxd4 Bf3 33. Kf2 Bh1
34. Ke3 f5 35. Nd5 Bxd5 36. Rxd5 Kf7 37. Kd4 b6 38. a4 Rd8 39. d7 Ke7 40. b4
Ra8 41. a5 bxa5 42. bxa5 Kd8 43. Ke5 Ra6 44. Kd4 Re6 45. Kc5 Re2 46. a6 Rc2+
47. Kb6 Rb2+ 48. Rb5 Ra2 49. a7 Kxd7 50. Kb7 1-0

[Event "4NCL Division Three Knights"]
[Site "Milton Keynes, ENG"]
[Date "2023.11.11"]
[Round "1.61"]
[White "Amato, Giampiero"]
[Black "Seymour, Timothy P"]
[Result "0-1"]
[WhiteElo "2055"]
[BlackElo "2217"]
[PlyCount "80"]
[EventDate "2023.11.11"]
[WhiteTeam "CSC/Kingston 2"]
[BlackTeam "Surbiton"]

1. c4 e6 2. g3 d5 3. Bg2 Nf6 4. Nf3 dxc4 5. O-O a6 6. Qc2 c5 7. Ne5 Ra7 8. a4
b6 9. Qxc4 Bb7 10. Nc3 Qd4 11. d3 Bxg2 12. Kxg2 Nfd7 13. Nxd7 Qxd7 14. Be3 Nc6
15. Rfd1 Be7 16. Qg4 O-O 17. h4 e5 18. Qc4 Rd8 19. Rac1 Nd4 20. Bxd4 Qc6+ 21.
f3 Rxd4 22. Qb3 Rad7 23. Ne4 Rxa4 24. e3 a5 25. Qc2 h6 26. Nc3 Rb4 27. Na2 Rg4
28. Kf2 Rg6 29. b4 axb4 30. Nxb4 Qe6 31. Na6 Bxh4 32. Rh1 Bxg3+ 33. Kf1 Qf5 34.
Qe2 Qxd3 35. Nb8 Qxe2+ 36. Kxe2 Rd8 37. Na6 Rgd6 38. Rc2 f5 39. Rh3 f4 40. e4
Rd1 0-1

[Event "4NCL Division Three Knights"]
[Site "Milton Keynes, ENG"]
[Date "2023.11.11"]
[Round "1.62"]
[White "Scott, David A"]
[Black "Lawson, Maurice E"]
[Result "1-0"]
[WhiteElo "2051"]
[BlackElo "2051"]
[PlyCount "95"]
[EventDate "2023.11.11"]
[WhiteTeam "Surbiton"]
[BlackTeam "CSC/Kingston 2"]

1. c4 e5 2. g3 Nc6 3. Bg2 d6 4. Nc3 Be6 5. d3 Qd7 6. b4 g6 7. b5 Nd8 8. Bb2 Bg7
9. Qc2 Ne7 10. Nf3 Bh3 11. O-O Bxg2 12. Kxg2 O-O 13. Qb3 Ne6 14. e3 h6 15. Ng1
Kh7 16. Nce2 Rae8 17. e4 f5 18. f3 h5 19. h3 Bh6 20. Bc1 Bxc1 21. Raxc1 f4 22.
g4 Rh8 23. Nc3 Nc5 24. Qb1 Kg7 25. Nge2 hxg4 26. hxg4 g5 27. Rh1 Ng6 28. Rcd1
Rxh1 29. Rxh1 Nh4+ 30. Kf2 Ne6 31. Qd1 c5 32. Nd5 Nc7 33. Nec3 a6 34. Nxc7 Qxc7
35. bxa6 Qa5 36. Qb3 Qxa6 37. Rb1 Re7 38. Qb6 Kf7 39. Qxa6 bxa6 40. Rb6 Ke6 41.
Rxa6 Ng6 42. Nb5 Rd7 43. a4 Ne7 44. a5 Nc8 45. Ra8 Rd8 46. a6 Kd7 47. Rb8 Rh8
48. a7 1-0

[Event "4NCL Division Three Knights"]
[Site "Milton Keynes, ENG"]
[Date "2023.11.11"]
[Round "1.63"]
[White "Evans, Harry G"]
[Black "Faulks, Nick"]
[Result "1/2-1/2"]
[WhiteElo "1971"]
[BlackElo "1939"]
[PlyCount "51"]
[EventDate "2023.11.11"]
[WhiteTeam "CSC/Kingston 2"]
[BlackTeam "Surbiton"]

1. d4 Nf6 2. Nf3 c5 3. e3 e6 4. Bd3 b6 5. Nbd2 Bb7 6. b3 d5 7. Bb2 Nbd7 8. O-O
Be7 9. Ne5 O-O 10. f4 Ne4 11. Rf3 f5 12. Nxd7 Qxd7 13. Rh3 Bf6 14. Nf3 Rac8 15.
Qe2 Qc7 16. c4 dxc4 17. Bxc4 Bd5 18. Rc1 Qf7 19. Bxd5 exd5 20. dxc5 Rxc5 21.
Rxc5 bxc5 22. Bxf6 Qxf6 23. Ne5 Rd8 24. Qb5 a6 25. Qe2 Qe6 26. Qc2 1/2-1/2

[Event "4NCL Division Three Knights"]
[Site "Milton Keynes, ENG"]
[Date "2023.11.11"]
[Round "1.64"]
[White "Davies, Neil"]
[Black "Sparkes, Daniel A"]
[Result "1/2-1/2"]
[WhiteElo "1886"]
[BlackElo "1970"]
[PlyCount "112"]
[EventDate "2023.11.11"]
[WhiteTeam "Surbiton"]
[BlackTeam "CSC/Kingston 2"]

1. d4 d5 2. Nf3 e6 3. g3 Nf6 4. Bg2 Be7 5. O-O O-O 6. c4 b6 7. cxd5 exd5 8. Nc3
Bb7 9. Bf4 a6 10. Rc1 Nbd7 11. Ne5 c5 12. Nxd7 Qxd7 13. Na4 Qb5 14. Bg5 Rac8
15. Bh3 Rc7 16. Bf4 Rc6 17. Nc3 Qxb2 18. Be5 Rd8 19. dxc5 Rxc5 20. Bd4 Rc4 21.
Rb1 Qa3 22. Rb3 Qd6 23. Bxb6 Re8 24. Bd4 Bc6 25. e3 Nd7 26. Re1 Nc5 27. Bxc5
Qxc5 28. Qd2 Bf6 29. Nb1 g6 30. Bg2 Rd8 31. Qe2 Rc2 32. Qxa6 Ra8 33. Qb6 Qxb6
34. Rxb6 Raxa2 35. Rxc6 Rxc6 36. Bxd5 Rcc2 37. Bxa2 Rxa2 38. Rd1 Kg7 39. Kf1 h5
40. Nd2 Ra1 41. Rxa1 Bxa1 42. Nf3 Kf6 43. h3 Kf5 44. Ke2 f6 45. Nd2 Ke6 46. f3
f5 47. f4 Kd5 48. Kf3 Bc3 49. e4+ fxe4+ 50. Nxe4 Bb2 51. Ng5 Bf6 52. Nh7 Be7
53. g4 hxg4+ 54. hxg4 Kd4 55. g5 Kd5 56. Ke3 Bc5+ 1/2-1/2

[Event "4NCL Division Three Knights"]
[Site "Milton Keynes, ENG"]
[Date "2023.11.11"]
[Round "1.65"]
[White "Vachtfeidl, Petr"]
[Black "Boughen, Andrew"]
[Result "1-0"]
[WhiteElo "1952"]
[BlackElo "1825"]
[PlyCount "89"]
[EventDate "2023.11.11"]
[WhiteTeam "CSC/Kingston 2"]
[BlackTeam "Surbiton"]

1. d4 Nf6 2. c4 e6 3. Nc3 d5 4. Bg5 Be7 5. e3 O-O 6. Nf3 Nbd7 7. Rc1 c6 8. Bd3
dxc4 9. Bxc4 Nd5 10. Bxe7 Qxe7 11. O-O Nxc3 12. Rxc3 e5 13. Bb3 e4 14. Nd2 Nf6
15. Rc5 Bg4 16. Qb1 Nd7 17. Rc3 Be2 18. Re1 Bd3 19. Bc2 Bxc2 20. Qxc2 Rfe8 21.
b4 Nf6 22. Rb1 Nd5 23. Rcb3 Rac8 24. h3 Rc7 25. Qc5 b6 26. Qxe7 Rexe7 27. g4 f6
28. Rc1 Kf7 29. a3 Re6 30. Rb2 Ke7 31. Rbc2 Kd7 32. Kg2 g6 33. Kg3 g5 34. h4 h6
35. Kh3 Re7 36. Nf1 gxh4 37. Kxh4 f5 38. gxf5 Rf7 39. Ng3 Nf6 40. b5 Rg7 41.
Rxc6 Rxc6 42. Rxc6 Ke7 43. Re6+ Kf7 44. Rxf6+ Kxf6 45. Nh5+ 1-0

[Event "4NCL Division Three Knights"]
[Site "Milton Keynes, ENG"]
[Date "2023.11.11"]
[Round "1.66"]
[White "Alcock, Graham P"]
[Black "Stimpson, Philip M"]
[Result "1/2-1/2"]
[WhiteElo "1773"]
[BlackElo "1905"]
[PlyCount "61"]
[EventDate "2023.11.11"]
[WhiteTeam "Surbiton"]
[BlackTeam "CSC/Kingston 2"]

1. e4 e6 2. d4 d5 3. Bd3 dxe4 4. Bxe4 Nf6 5. Bf3 c5 6. Ne2 Nc6 7. c3 cxd4 8.
Bxc6+ bxc6 9. Qxd4 Qxd4 10. Nxd4 c5 11. Nb5 Nd5 12. c4 a6 13. N5c3 Nb4 14. Na3
Nd3+ 15. Ke2 Nxc1+ 16. Raxc1 Bb7 17. f3 Be7 18. Nc2 O-O-O 19. Rcd1 Bc6 20. Ne3
Bf6 21. Rd3 Rxd3 22. Kxd3 Rd8+ 23. Kc2 Bg5 24. Re1 h5 25. Nf1 Bf6 26. Nd2 Bd4
27. Nb3 h4 28. Ne4 Ba4 29. Kc1 Bxb3 30. axb3 Kc7 31. Kc2 1/2-1/2

[Event "4NCL Division Three Knights"]
[Site "Telford, ENG"]
[Date "2024.05.06"]
[Round "11.11"]
[White "Brown, Thomas"]
[Black "Larchikov, Maksym"]
[Result "0-1"]
[WhiteElo "2120"]
[BlackElo "2136"]
[PlyCount "118"]
[EventDate "2024.05.06"]
[WhiteTeam "Rhyfelwyr Essyllwg"]
[BlackTeam "Hull & East Riding Tigers"]

1. d4 d5 2. c4 e6 3. cxd5 exd5 4. Nc3 Nf6 5. Bf4 c6 6. e3 Bf5 7. Nge2 Nh5 8.
Be5 Nd7 9. h3 Nhf6 10. Bh2 Nb6 11. Nc1 Bd6 12. Bxd6 Qxd6 13. Bd3 Bxd3 14. Nxd3
O-O 15. O-O Rfe8 16. Qb3 Ne4 17. Nxe4 dxe4 18. Nc5 Re7 19. f3 exf3 20. Rxf3
Rae8 21. Raf1 Qd5 22. Rf5 Qxb3 23. axb3 Nd5 24. R5f3 Nxe3 25. Ra1 h6 26. Re1
Nd5 27. Rxe7 Rxe7 28. Rf1 a5 29. Kf2 b6 30. Nd3 f6 31. Re1 Rxe1 32. Nxe1 Kf7
33. Nf3 Nf4 34. Ne1 Ke6 35. Kf3 Nd5 36. h4 Ne7 37. Ke4 Nf5 38. Nf3 Nd6+ 39. Kd3
Kf5 40. Ke3 a4 41. d5 cxd5 42. Kd4 axb3 43. Kxd5 Nc8 44. Nd4+ Kg4 45. Ke6 b5
46. Kf7 g5 47. Kxf6 gxh4 48. Nxb5 Nb6 49. Nd4 Nd5+ 50. Ke5 Ne3 51. Nxb3 Nxg2
52. Nd2 Ne3 53. Ke4 Nf5 54. b4 h3 55. Nf3 Kg3 56. Nd2 Kg2 57. Nf3 h5 58. Kf4
Nd4 59. Ne1+ Kg1 0-1